Представление документа в формате RUSMARC

ПолеНазваниеЗначение
  Тип записи a
  Библиографический уровень m
001 Контрольный номер RU/ГПНТБ России/IBIS/84(2Рос=Рус)6/Д 99-327930438
005 Дата корректировки 20260508122625.1
010 Индекс ISBN __
a ISBN 978-5-17-159903-4
b Уточнения в пер.
9 Тираж 4000
100 Данные общей обработки __
a Данные общей обработки 20260508d2023 c y0rusy0250 ca
101 Язык документа 0_
a Язык текста rus
102 Страна публикации __
a Страна публикации RU
105 Кодированные данные (монография) __
a Кодированные данные (монография) a zzz 000gy
181 Поле кодированных данных: вид содержания _0
a Код вида содержания (ISBD) i
182 Поле кодированных данных: тип средства _0
a Код типа средства (ISBD) n
200 Заглавие и сведения об ответственности 1_
a Заглавие Стихи обо всем на свете
e Сведения, относящиеся к заглавию [для младшего школьного возраста]
f Первые сведения об ответственности Г. Дядина
g Последующие сведения об ответственности художник Ю. Устинова
203 Вид содержания и тип средства __
c Тип средства непосредственный
a Вид содержания Текст
210 Выходные данные 1_
a Место издания Москва
c Издательство АСТ
d Дата издания 2023
215 Физическое описание __
a Объем 62, [2] с.
c Иллюстрации/тип воспроизводства цв. ил.
d Формат 22 см
225 Серия 2_
a Серия Библиотека начальной школы
300 Общие примечания __
a Общие примечания Произведения печатаются без сокращений
330 Аннотация __
a Аннотация Персонажи стихотворений Галины Дядиной часто бывают неодушевлёнными. Это и фортепьяно, которое постоянно ссорилось со своей хозяйкой, и каша, которую никто не любит, и молоко, сбежавшее из кастрюли обратно в свою Бурёнку, и даже беззубая расчёска, явившаяся на приём к стоматологу. Умение заглянуть в «душу» живому или неживому существу и посочувствовать ему - замечательное свойство детского поэта. Ведь таким образом он открывает ребёнку одно из самых главных качеств, присущих человеку, - способность к сопереживанию.
333 Примечание о целевом назначении __
a Примечание о целевом назначении информационная продукция для детей, не достигших возраста шести лет
333 Примечание о целевом назначении __
a Примечание о целевом назначении для детей младшего возраста, 5-10 лет
517 Другие варианты заглавия 1_
a Другие варианты заглавия Стихи обо всём на свете
606 Тематические рубрики __
a Основная рубрика Художественная литература
x Основная подрубрика Поэзия
y Географическая подрубрика Россия
2 Код системы nlr_sh
610 Ключевые слова 1_
a Ключевые слова детская литература
610 Ключевые слова 1_
a Ключевые слова стихи для детей
610 Ключевые слова 1_
a Ключевые слова детская поэзия
686 Индексы других классификаций __
2 Код системы rubbk
a Классификационный индекс 84(2Рос=Рус)6
700 Автор _1
a Фамилия Дядина
b Имя Г. С.
g Полное личное имя Галина Сергеевна
f Даты 1979-
4 Код отношения 070
702 Вторичная интеллектуальная ответственность _1
a Фамилия Устинова
b Имя Ю. Н.
g Полное личное имя Юлия Николаевна
f Даты 1961-
4 Код отношения 440
801 Источник записи _0
b Организация ГПНТБ России
a Страна RU
c Дата составления 20260508
801 Источник записи _1
b Организация ГПНТБ России
a Страна RU
c Дата составления 20260508
852 Данные о местонахождении 5_
a Наименование организации ГПНТБ России
m Суффикс шифра хранения 1111105084
b Сигла хранения ЦГБ
j Шифр хранения 84(2Рос=Рус)6
p Инвентарный номер RU
899 Данные о местонахождении __
a Местонахождение ГПНТБ России
p Штрих-код 1111105084
b Место хранения ЦГБ
h Классификационная часть РШ 84(2Рос=Рус)6
i Авторский знак Д 99
901 Тип документа __
a Ответственный заим.